Abbreviations in the EU Documents and Their Practical Usage in Teaching EU Jargon

Zameranie na charakteristické črty anglických skratiek, vyskytujúcich sa v špecifickom kontexte – dokumentoch inštitúcií Európskej únie. Zistenia na jednej strane poskytujú jasnejšie pochopenie osobitných charakteristík diskurzu EÚ, alebo "eurožargónu" v oblasti abreviačných procesov a na druhej str...

ver descrição completa

Na minha lista:
Detalhes bibliográficos
Autor principal: Kapráliková, Ivana, 1974-
Formato: Capítulo de Livro
Idioma:inglês
Assuntos:
Tags: Adicionar Tag
Sem tags, seja o primeiro a adicionar uma tag!

MARC

LEADER 00000naa$a2200000$$$4500
001 0308126
005 20250414085742.1
041 0 |a eng 
044 |a GB 
245 1 0 |a Abbreviations in the EU Documents and Their Practical Usage in Teaching EU Jargon  |c Ivana Kapráliková 
520 |a Zameranie na charakteristické črty anglických skratiek, vyskytujúcich sa v špecifickom kontexte – dokumentoch inštitúcií Európskej únie. Zistenia na jednej strane poskytujú jasnejšie pochopenie osobitných charakteristík diskurzu EÚ, alebo "eurožargónu" v oblasti abreviačných procesov a na druhej strane môžu slúžiť, ako príspevok k tvorbe kurzov angličtiny a materiálov EÚ. 
610 2 0 |a Európska únia 
610 2 0 |a filológia 
610 2 0 |a dokumenty 
610 2 0 |a inštitúcie finančné 
610 2 0 |a inštitúcie kultúrne 
610 2 0 |a inštitúcie verejnoprávne 
610 2 0 |a inštitúcie vzdelávacie 
610 2 0 |a vyučovanie 
610 2 0 |a jazyky cudzie 
610 2 0 |a angličtina 
610 2 0 |a výučba vedecká 
100 1 |a Kapráliková, Ivana, 1974-